Highest Mountains by Letter - Statistics

General Stats
  • This quiz has been taken 25 times
  • The average score is 5 of 25
Answer Stats
Letter Country Height (m) Mountain % Correct
E Nepal/China 8,848 Everest
100%
K Pakistan 8,611 K2
89%
A Nepal 8,091 Annapurna
53%
L Nepal/China 8,516 Lhotse
42%
V Antarctica 4,892 Vinson Massif
42%
C Nepal/China 8,201 Cho Oyu
26%
D Nepal 8,167 Dhaulagiri
26%
G Pakistan/China 8,080 Gasherbrum
26%
M Nepal/China 8,485 Makalu
26%
N Pakistan 8,126 Nanga Parbat
26%
B Pakistan/China 8,051 Broad Peak
21%
O Argentina/Chile 6,891 Ojos del Salado
16%
S China 8,027 Shishapangma
11%
T Pakistan 7,708 Tirich Mir
11%
I Tajikistan 7,485 Ismoil Somoni Peak
5%
R Pakistan 7,788 Rakaposhi
5%
W Switzerland 4,506 Weisshorn
5%
F Pakistan 5,918 Falak Sar
0%
H Nepal 7,893 Himalchuli
0%
J Nepal 7,710 Jannu
0%
P Pakistan 7,492 Pumari Chhish
0%
Q USA 4,350 Quandary Peak
0%
U Pakistan 7,388 Ultar
0%
Y Pakistan 7,530 Yukshin Gardan Sar
0%
Z Italy/Switzerland 4,563 Zumsteinspitze
0%
No matching quizzes found
Score Distribution
Percent of People with Each Score
Percentile by Number Answered
Your Score History
You have not taken this quiz